000
00446nam a22001217a 4500
020
_a
9780199402229
100
_a
Ali Khan and Ali Nobil Ahmad (Ed)
245
_a
Cinema and society film and social change in Pakistan
260
_a
Karachi
_b
Oxford university press
_c
2016
300
_a
398p
942
_c
BK
999
_c
3452
_d
3452